1909 1727 1814 1175 1362 1663 1776 1680 1808 1452 1674 1191 1271 1181 1608 1993 1096 1323 1895 1739 1989 1818 1332 1655 1244 1836 1001 1171 1751 1154 1274 1875 1866 1280 1696 1016 1421 1448 1330 1894 1210 1494 1757 1483 1018 1867 1785 1664 1939 1409 1963 1318 1258 1137 1869 1164 1760 1290 1323 1025 1411 1635 1633 1845 1242 1206 1680 1589 1291 1527 1756 1238 1350 1032 1302 1015 1950 1909 1949 1154 1007 1395 1885 1625 1709 1335 1844 1981 1103 1867 1070 1117 1531 1602 1779 1670 1115 1472 1048 BCNSPRNW ULIB Ver.6.0+V

เปลี่ยนเป็นภาษาไทย

Change to English
 แสดงรายละเอียดบรรณานุกรม
  กลับหน้าหลัก

Brief Record : Get Marc (ISO 2709) : E-mail record : QR code < ปิดหน้าต่าง
LEADER : 00000nam 2200000uu 4500
001    13399122204
003     ULIB
008    130110s2548||||th 000 0 tha d
020    ^a9789741402878
090    ^aนว.^bซ331ผ
100 0  ^aซี.เอส.ลูอิส
245 00 ^aผจญภัยโพ้นทะเล/^cซี.เอส.ลูอิส
250    ^aพิมพ์ครั้งที่ 2
260    ^aกรุงเทพฯ :^bผีเสื้อ,^c2552
300    ^a296 หน้า
710 1  ^aสุมนา
945    ^p293^l0^i020545
995    ^aวิภา
999 ^a ใช้งานได้ทุกระบบ
รายการนี้ยังไม่มีแท็ก
คุณยังไม่ได้ล็อกอิน คุณสามารถมีกิจกรรมร่วมกับเว็บไซต์ได้ แต่ต้องล็อกอินก่อน ::
  ล็อกอิน

รายการสื่อสารสนเทศ

ลำดับที่ ประเภท เลขเรียก/บาร์โค้ด สถานที่ สถานะ
1. นวนิยาย
นวนิยาย
นว. ซ331ผ  
  Barcode: 020545
ห้องสมุดวิทยาเขตสวรรค์ประชารักษ์
►นวนิยาย
บนชั้น
  ขอยืม

BibComment


ยังไม่เคยถูกคอมเมนท์

คอมเมนท์ทรัพยากรรายการนี้
  คอมเมนท์: ผจญภัยโพ้นทะเล ซ..


 Copyright 2026. Bcnsprnw @Library